Система управления плазмой: учебное пособие
| Müşterek Yazar: | |
|---|---|
| Diğer Yazarlar: | , , , |
| Özet: | Заглавие с титульного экрана Электронная версия печатной публикации В пособии изложены научные и инженерные основы проектирования системы управления плазмой установок по управляемому термоядерному синтезу, алгоритмы управления формой, положением, плотностью, энергосодержанием и током плазменного тора. Предложены технические решения по реализации описанных алгоритмов на основе проектных решений Казахстанского токамака материаловедческого.Пособие разработано в рамках реализации Инновационной образовательной программы ТПУ по направлению «Атомная энергетика, ядерный топливный цикл, безопасное обращение с радиоактивными отходами и отработанным ядерным топливом, обеспечение безопасности и противодействие терроризму» и предназначено для студентов, обучающихся по специальности 140306 «Электроника и автоматика физических установок» Режим доступа: из корпоративной сети ТПУ |
| Dil: | Rusça |
| Baskı/Yayın Bilgisi: |
Томск, Изд-во ТПУ, 2008
|
| Konular: | |
| Online Erişim: | http://www.lib.tpu.ru/fulltext2/m/2010/m227.pdf |
| Materyal Türü: | MixedMaterials Elektronik Kitap |
| KOHA link: | https://koha.lib.tpu.ru/cgi-bin/koha/opac-detail.pl?biblionumber=188578 |
MARC
| LEADER | 00000nlm0a2200000 4500 | ||
|---|---|---|---|
| 001 | 188578 | ||
| 005 | 20231214152647.0 | ||
| 035 | |a (RuTPU)RU\TPU\book\204826 | ||
| 090 | |a 188578 | ||
| 100 | |a 20101210d2008 m y0rusy50 ca | ||
| 101 | 0 | |a rus | |
| 102 | |a RU | ||
| 105 | |a a j 001zy | ||
| 135 | |a drcn ---uucaa | ||
| 181 | 0 | |a i | |
| 182 | 0 | |a b | |
| 200 | 1 | |a Система управления плазмой |e учебное пособие |f В. М. Павлов [и др.] | |
| 203 | |a Текст |c электронный | ||
| 210 | |a Томск |c Изд-во ТПУ |d 2008 | ||
| 300 | |a Заглавие с титульного экрана | ||
| 300 | |a Электронная версия печатной публикации | ||
| 330 | |a В пособии изложены научные и инженерные основы проектирования системы управления плазмой установок по управляемому термоядерному синтезу, алгоритмы управления формой, положением, плотностью, энергосодержанием и током плазменного тора. Предложены технические решения по реализации описанных алгоритмов на основе проектных решений Казахстанского токамака материаловедческого.Пособие разработано в рамках реализации Инновационной образовательной программы ТПУ по направлению «Атомная энергетика, ядерный топливный цикл, безопасное обращение с радиоактивными отходами и отработанным ядерным топливом, обеспечение безопасности и противодействие терроризму» и предназначено для студентов, обучающихся по специальности 140306 «Электроника и автоматика физических установок» | ||
| 333 | |a Режим доступа: из корпоративной сети ТПУ | ||
| 337 | |a Adobe Reader | ||
| 452 | 1 | |0 (RuTPU)RU\TPU\book\175683 |y 5-98298-337-3 |t Система управления плазмой |o учебное пособие |f В. М. Павлов [и др.] |g Томский политехнический университет (ТПУ) |c Томск |n Изд-во ТПУ |d 2008 |p 152 с. | |
| 606 | 1 | |a Токамаки |2 stltpush |3 (RuTPU)RU\TPU\subj\60776 |9 77999 | |
| 610 | 1 | |a плазма | |
| 610 | 1 | |a атомная энергетика | |
| 610 | 1 | |a структурно-функциональные схемы | |
| 610 | 1 | |a радиоактивные отходы | |
| 610 | 1 | |a алгоритмическое обеспечение | |
| 610 | 1 | |a информационное обеспечение | |
| 610 | 1 | |a технические проекты | |
| 610 | 1 | |a термоядерный синтез | |
| 610 | 1 | |a учебные пособия | |
| 610 | 1 | |a электронный ресурс | |
| 610 | 1 | |a труды учёных ТПУ | |
| 675 | |a 621.039.62(075.8) |v 3 | ||
| 701 | 1 | |a Павлов |b В. М. |c специалист в области автоматики и электроники |c доцент Томского политехнического университета, кандидат технических наук |f 1965- |g Вадим Михайлович |3 (RuTPU)RU\TPU\pers\25738 |9 11640 | |
| 701 | 1 | |a Обходский |b А. В. |c специалист в области атомной энергетики |c доцент Томского политехнического университета, кандидат технических наук |f 1982- |g Артем Викторович |3 (RuTPU)RU\TPU\pers\27571 | |
| 701 | 1 | |a Голобоков |b Ю. Н. |c специалист в области ядерных технологий |c инженер Томского политехнического университета |f 1982- |g Юрий Николаевич |3 (RuTPU)RU\TPU\pers\28159 | |
| 701 | 1 | |a Овчинников |b А. В. |c специалист в области электроники и автоматики физических установок |c заведующий учебно-научной лабораторией дискретной и микропроцессорной техники Томского политехнического университета |f 1984- |g Антон Викторович |3 (RuTPU)RU\TPU\pers\28162 | |
| 712 | 0 | 2 | |a Томский политехнический университет (ТПУ) |c (1991-2009) |3 (RuTPU)RU\TPU\col\376 |
| 801 | 1 | |a RU |b 63413507 |c 20101210 | |
| 801 | 2 | |a RU |b 63413507 |c 20160627 |g RCR | |
| 856 | 4 | |u http://www.lib.tpu.ru/fulltext2/m/2010/m227.pdf | |
| 942 | |c CF | ||